Vista normal
Vista MARC
Entrada Chronological Term
Número de registros utilizados en: 1
001 - CONTROL NUMBER
- control field: 534
003 - CONTROL NUMBER IDENTIFIER
- control field: OSt
005 - DATE AND TIME OF LATEST TRANSACTION
- control field: 20110804120837.0
008 - FIXED-LENGTH DATA ELEMENTS
- fixed length control field: 110804|||a|||||| | ||| d
040 ## - CATALOGING SOURCE
- Original cataloging agency: OSt
- Transcribing agency: OSt
148 ## - HEADING--CHRONOLOGICAL TERM
- Chronological term: 1870-1970
670 ## - SOURCE DATA FOUND
- Source citation: Work cat.: (OSt)100: Armus, Diego Compilador 533, Avatares de la medicalización en América Latina 1870-1970., 2005.